000 00293nam a22001337a 4500
008 170808b xxu||||| |||| 00| 0 eng d
020 _a9780133141023
041 _aeng
080 _211TH
_a004
100 _a33
101 _aSHK
245 _aTECHNOLOGY IN ACTION
_cEVANS,A
942 _2udc
_cBK
999 _c22868
_d22868